000 00192nam a2200085Ia 4500
008 120527s9999 xx 000 0 und d
100 _aPapalia, et al
245 _aHuman Development
942 _cBK
999 _c27537
_d27537